000
00318nam a2200109Ia 4500
008
171211s9999 xx 000 0 und d
245
_a
Blue-Ribbon Papers: Behind the Professional Mask
245
_c
Norman K. Denzin
260
_c
2012
650
_x
Biography
856
_u
http://down.ebook777.com/065/9781780527468.pdf
999
_c
349887
_d
349887